000 01556nam a2200349 i 4500
999 _c68498
_d68498
001 68498
003 Mx-PuUPA
005 20220616124008.0
008 200107s2015 mx a fr 001 0 spa da d
020 _a9786079356583
020 _a9786070263545 (UNAM)
040 _aMx-PuUPA
_bspa
_cMx-PuUPA
_dMx-PuUPA
_erda
041 0 _aspa
245 0 0 _aGerencia y administración estratégica de la atención médica /
_cGuillermo Fajardo Ortiz, coordinador ; colaboradores, Hector Aguirre Gas, Fernando José Amado y Luarca, Adalberto Ávalos Flores [y otros 39].
264 3 1 _aMéxico, D.F. :
_bUniversidad Nacional Autónoma de México :
_bEditorial Médica Panamericana,
_c2015
300 _axxii, 704 páginas :
_bilustraciones ;
_c23 cm.
336 _2rdacontent
_atexto
_btxt
337 _2rdamedia
_asin medio
_bn
338 _2rdacarrier
_avolumen
_bnc
650 1 4 _aAdministración de servicios médicos y de la salud
_zAmérica Latina
650 1 4 _aServicios de salud
_xAdministración
_vEstudios de casos
650 1 4 _aPlaneamiento de la salud
_zAmérica Latina
650 1 4 _aServicios de salud
_xInnovaciones tecnológicas
700 1 _aFajardo, Guillermo,
_ecoordinador
_910353
700 1 _aAguirre Gas, Héctor,
_ecolaborador
700 1 _aAmado y Luarca, Fernando José,
_ecolaborador
700 1 _aÁvalos Flores, Adalberto,
_ecolaborador
942 _2ddc
_cLI
_h362.1098
_iG367